| 000 | 00550nam a22001937a 4500 | ||
|---|---|---|---|
| 005 | 20231031103051.0 | ||
| 008 | 230901b |||||||| |||| 00| 0 eng d | ||
| 020 | _a9781881052692 | ||
| 082 |
_a331.481658 _bENK |
||
| 100 | _aEnkelis, Liane | ||
| 245 |
_aPortraits of Women business Leaders : On Our Own Terms _cLiane Enkelis / Karen Olsen / Marion Lewenstein |
||
| 260 |
_aUSA _bBerrett-Koehler _c1995 |
||
| 300 | _a154 | ||
| 500 | _aInclude index | ||
| 650 | _aArchitecture | ||
| 700 | _aLiane Enkelis | ||
| 700 | _aKaren Olsen | ||
| 999 |
_c33389 _d33389 |
||